000 00832nab a2200241u 4500
001 17838
003 HDC
007 c| |||a|c|aaaa
008 210224b20140627my ||||| |||| 00| 0 may d
040 _aHDC
100 _aAhmad Fiesal Othman /
_eauthor
_99014
245 0 _aTEKUN biayai usahawan teknologi /
_cAhmad Fiesal Othman
336 _atext
_2rdacontent
337 _acomputer
_2rdamedia
338 _aonline resource
_2rdacarrier
650 _aMalaysian non-governmental organization (TEKUN)
_917019
650 _aMemorandum of Understanding (MoU)
_910019
710 _aBERITA HARIAN
856 _zRequest full-text at [email protected]
942 _2lcc
942 _cNEWS
942 _kNWSC 005029
999 _c15154
_d15154